Estadísticas para Películas de Pedro Almodóvar

Haz click aquí para tomar la prueba!

Estadísticas generales

  • Esta prueba ha sido tomada 95 veces
  • La puntuación promedio es 11 de 22

Estadísticas de respuestas

AñoPelícula% Correcto
1988Mujeres al borde de un ataque de nervios
90%
2006Volver
84%
1999Todo sobre mi madre
81%
2011La piel que habito
77%
2019Dolor y gloria
67%
1991Tacones lejanos
67%
1993Kika
61%
2021Madres paralelas
57%
1989¡Átame!
55%
2002Hable con ella
51%
2004La mala educación
48%
2016Julieta
43%
1980Pepi, Luci, Bom y otras chicas del montón
42%
1983Entre tinieblas
36%
1986Matador
36%
1984¿Qué he hecho yo para merecer esto?
36%
1997Carne trémula
30%
1987La ley del deseo
30%
2013Los amantes pasajeros
28%
2009Los abrazos rotos
25%
1995La flor de mi secreto
23%
1982Laberinto de pasiones
19%

Distribución de puntuación

Porcentaje por número respondido

Porcentaje de gente con cada puntuación

Historial de tus puntuaciones

No has tomado esta prueba